000 00954cam a2200277 a 4500
005 20260322212025.0
008 data
010 _a 95006428
020 _a0684802872
020 _a9780684802879
040 _aDLC
_cDLC
_dDLC
043 _an-us---
050 0 0 _aE185.86
_b.V369 1995
082 0 0 _a646.7/0082
_220
092 _a646.7 V369 1995
100 1 _aVanzant, Iyanla.
245 1 4 _aThe value in the valley :
_ba Black woman's guide through life's dilemmas /
_cIyanla Vanzant.
260 _aNew York :
_bSimon & Schuster,
_cc1995.
300 _a318 p. ;
_c23 cm.
650 0 _aAfrican American women
_xLife skills guides.
650 0 _aAfrican American women
_xPsychology.
650 0 _aSelf-esteem in women
_zUnited States.
856 4 2 _3Contributor biographical information
_uhttp://www.loc.gov/catdir/bios/simon051/95006428.html
856 4 2 _3Publisher description
_uhttp://www.loc.gov/catdir/description/simon033/95006428.html
001 data
999 _c560
_d560